000 00347nam a2200145Ia 4500
008 231217s9999 xx 000 0 und d
041 _aEnglish
082 _a001.6424PAS RAJ
100 _aRajaraman, V
245 0 _aComputer programming in Pascal
260 _c1991
_bNew Delhi : PHI,
300 _aix+219
650 _aPascal
942 _cAA
999 _c162012
_d162012